Jevropejskij Sojuz na fone vychoda iz krizisa: novyje vyzovy
Stratégia Európa 2020 - stratégia riešenia hospodárskej a finančnej krízy. Oslabenie verejných financií a vznik dlhovej krízy. Makroekonomické disproporcie krajín EÚ. Potreba väčšej centralizácie.
Salvato in:
| Autore principale: | |
|---|---|
| Natura: | Capitolo di libro |
| Lingua: | russo |
| Soggetti: | |
| Tags: |
Nessun Tag, puoi essere il primo ad aggiungerne!!
|
MARC
| LEADER | 00000naa$a2200000$$$4500 | ||
|---|---|---|---|
| 001 | 0195056 | ||
| 005 | 20240502083452.4 | ||
| 041 | 0 | |a rus | |
| 044 | |a BY | ||
| 245 | 1 | 0 | |a Jevropejskij Sojuz na fone vychoda iz krizisa: novyje vyzovy |c Vladimír Gonda |
| 520 | |a Stratégia Európa 2020 - stratégia riešenia hospodárskej a finančnej krízy. Oslabenie verejných financií a vznik dlhovej krízy. Makroekonomické disproporcie krajín EÚ. Potreba väčšej centralizácie. | ||
| 610 | 2 | 0 | |a Európska únia |
| 610 | 2 | 0 | |a spolupráca hospodárska medzinárodná |
| 610 | 2 | 0 | |a kríza hospodárska |
| 610 | 2 | 0 | |a kríza finančná |
| 610 | 2 | 0 | |a zadlženosť |
| 610 | 2 | 0 | |a riadenie strategické |
| 100 | 1 | |a Gonda, Vladimír | |